Statistics for 1980s Favorite Movie Quotes

Click here to take the quiz!

General Stats

  • This quiz has been taken 51 times
    (50 since last reset)
  • The average score is 9 of 15

Answer Stats

QuoteMovie% Correct
"I am your father"Star Wars Episode V: The Empire Strikes Back
93%
"Here's Johnny!"The Shining
82%
"Wax on, wax off"The Karate Kid
77%
"Good Morning, Vietnam"Good Morning, Vietnam
77%
"Roads? Where we're going we don't need roads"Back to the future
66%
"I am serious. And don't call me Shirley"Airplane
66%
"If you build it, he will come"Field of Dreams
64%
"Hello. My name is Inigo Montoya. You killed my father. Prepare to die."The Princess Bride
64%
"Say hello to my litte friend!"Scarface
59%
"They're here"Poltergeist
52%
"Carpe diem. Seize the day, boys"Dead Poets Society
50%
"I'm not bad. I'm just drawn that way"Who Framed Roger Rabbit
48%
"These go to eleven"This is Spinal Tap
30%
"When you realize you want to spend the rest of your life with somebody, you want the rest of your life to start as soon as possible."When Harry Met Sally
18%
"Go ahead, make my day"Sudden Impact
14%

Score Distribution

Percentile by Number Answered

Percent of People with Each Score

Your Score History

You have not taken this quiz since the last reset